NBA Players from Germany - Statistics

General Stats
  • This quiz has been taken 48 times
  • The average score is 9 of 22
Answer Stats
Position Player Years Played % Correct
PF Dirk Nowitzki 1998-2019
100%
PG Dennis Schröder 2013-Present
89%
SF Franz Wagner 2021-Present
86%
PF Moritz Wagner 2018-Present
86%
C Daniel Theis 2017-2025
68%
SF Detlef Schrempf 1985-2001
68%
F Tristan da Silva 2024-Present
57%
SG Isaac Bonga 2018-2022
49%
PF Isaiah Hartenstein 2018-Present
49%
PF Maxi Kleber 2017-Present
49%
C Tibor Pleiß 2015-2016
35%
C Chris Kaman 2003-2016
32%
C Ariel Hukporti 2024-Present
24%
C Shawn Bradley 1993-2005
19%
FC Tim Ohlbrecht 2013
19%
C Uwe Blab 1985-1990
19%
C Chris Welp 1987-1990
11%
F Paul Zipser 2016-2018
8%
SF Elias Harris 2013
5%
F Frido Frey 1947
5%
SF John Brown 1973-1980
3%
G Jo Jo English 1992-1994
3%
No matching quizzes found
Score Distribution
Percent of People with Each Score
Percentile by Number Answered
Your Score History
You have not taken this quiz